| 000 | 00592nam a22001937a 4500 | ||
|---|---|---|---|
| 003 | OSt | ||
| 005 | 20251009071445.0 | ||
| 008 | 251009b |||||||| |||| 00| 0 eng d | ||
| 020 | _a978-621-8179-479 | ||
| 040 |
_aDWCL-Main lib _cOC |
||
| 082 | _aFil. 338.4791 A581s 2021 | ||
| 100 | _aAngeles, Marie | ||
| 245 |
_a Sustainable Tourism/ _cMarie Angeles |
||
| 260 |
_aManila, Philippines : _bEDRIC Publishing House, _cc2021 |
||
| 300 |
_a91 pages : _billustrations ; _c25cm. |
||
| 504 | _aIncludes bibliographical references | ||
| 650 | _a1. Ecotourism | ||
| 942 |
_2ddc _cBK - FIL _kFil. _n0 |
||
| 999 |
_c4780 _d4780 |
||